| 000 | 00697nam a2200205 a 4500 | ||
|---|---|---|---|
| 005 | 20210223121824.0 | ||
| 008 | 991125m19711976mx 000 0 spa u | ||
| 035 | _aUPN01000024497 | ||
| 049 | _aCG | ||
| 050 | 4 |
_aP105 _bC3.38 |
|
| 100 | 1 |
_aCassirer, Ernst, _d1874-1945 _930803 |
|
| 245 | 1 | 0 |
_aFilosofía de las formas simbólicas / _cErnst Cassirer ; tr. Armando Morones. |
| 260 |
_aMéxico : _bFCE, _c1971-1976. |
||
| 300 | _a3 v. | ||
| 440 | 0 | _aSección de obras de filosofía | |
| 505 | 8 |
_aContenido: _gv.1. _tEl lenguaje -- _gv.2. _tEl pensamiento -- _gv.3 _tFenomenología del reconocimiento |
|
| 650 | 4 |
_aSEMANTICA (FILOSOFIA) _911673 |
|
| 650 | 4 |
_aLENGUAS - _xFILOSOFIA _93839 |
|
| 905 | _aLibro | ||
| 999 |
_c24497 _d24497 |
||